Presidents who served in the Cabinet Quiz Stats

 Plays Quiz not verified by Sporcle

Challenge
Share
Tweet
Embed
Score 0/5 Timer 01:00
0 Plays Today
Cabinet Position Presidents Who Served As % Correct
Secretary of StateThomas Jefferson, James Madison, James Monroe, John Quincy Adams, Martin Van Buren, and James Buchanan
97.7%
Assistant Secretary of the NavyTheodore Roosevelt and Franklin Roosevelt
86.2%
Secretary of CommerceHerbert Hoover
79.3%
Secretary of WarJames Monroe and William Howard Taft
77%
Solicitor GeneralWilliam Howard Taft
62.1%

You're not logged in!

Compare scores with friends on all Sporcle quizzes.
OR
Log In

You Might Also Like...

Show Comments

Extras

Top Quizzes Today


Score Distribution

Your Account Isn't Verified!

In order to create a playlist on Sporcle, you need to verify the email address you used during registration. Go to your Sporcle Settings to finish the process.

Report this User

Report this user for behavior that violates our Community Guidelines.

Details: